000 01530nam a2200373 4500
003 EG-GICUC
005 20260121101442.0
008 251208s1995 ua ||||fr|||| 00| 0 ara d
017 _a9599201
020 _a977041526x
040 _a EG-GICUC
_bara
_c EG-GICUC
_d EG-GICUC
_erda
041 _aara
082 0 4 _221
_a341.85
_bع ب . ق
092 0 4 _221
099 _aLaw1 12 341.85 ع ب . ق 1 ed - 1995
100 0 _aعبد الحكيم مصطفى عبد الرحمن
_eمؤلف.
245 1 0 _aقانون البيع الدولي للبضائع واثره في قواعد الاسناد /
_cعبد الحكيم مصطفى عبد الرحمن.
250 _aالطبعة الاولى
264 1 _aالقاهرة :
_bدار النهضة العربية،
_c1995.
300 _a108 صفحة ؛
_c24 سم.
336 _2rda content
_atext
337 _2rda media
_aComputer
338 _2rda carrier
_aOnline Resource
500 _aاهداء مكتبة ا.د. صلاح عامر
504 _aيحتوي على ارجاعات ببليوجرافية يحتوي على قائمة بالمراجع
546 _aالنص أغلبه باللغة العربية بعض النصوص الإنجليزية والفرنسية
650 1 4 _aالقانون الدولى الخاص
_2qrmak
650 1 4 _aالبيع الدولي
650 1 4 _aعقود التجارة الدولية
651 1 _2qrmak
856 4 0 _uhttps://fll.law.cu.edu.eg/fulltext/bks/B12-01606.pdf
905 _a75
_eHassnaa
942 _2ddc
_n0
_cBK
_e21
999 _c49152
_d49152